All NFL Teams - Statistics

General Stats
  • This quiz has been taken 98 times
  • The average score is 28 of 32
Answer Stats
CONFRENCE Answer % Correct
NFC EAST Eagles
97%
AFC WEST Chiefs
93%
NFC NORTH Packers
93%
NFC WEST Seahawks
93%
NFC NORTH Bears
92%
AFC EAST Bills
92%
NFC EAST Giants
92%
AFC EAST Jets
92%
NFC NORTH Lions
92%
NFC WEST 49ers
90%
AFC EAST Dolphins
90%
AFC EAST Patriots
90%
AFC NORTH Steelers
90%
NFC EAST Cowboys
88%
NFC SOUTH Falcons
88%
NFC WEST Rams
88%
NFC EAST Commanders
87%
NFC SOUTH Panthers
87%
AFC WEST Raiders
87%
AFC NORTH Ravens
87%
NFC NORTH VIkings
87%
AFC WEST Broncos
85%
AFC NORTH Browns
85%
NFC SOUTH Buccaneers
85%
NFC WEST Cardinals
82%
AFC WEST Chargers
82%
NFC SOUTH Saints
82%
AFC NORTH Bengals
80%
AFC SOUTH Texans
78%
AFC SOUTH Titans
78%
AFC SOUTH Jaguars
75%
AFC SOUTH Colts
68%
No matching quizzes found
Score Distribution
Percent of People with Each Score
Percentile by Number Answered
Your Score History
You have not taken this quiz